[Event "Pozarevac Rudar 19th"]
[Site "Pozarevac"]
[Date "2023.11.19"]
[Round "6.3"]
[White "Hoffmann, Sebastian1"]
[Black "Shoshin, Kirill"]
[Result "1/2-1/2"]
[WhiteElo "2188"]
[BlackElo "2250"]
[PlyCount "99"]
[EventDate "2023.11.15"]
[EventType "tourn"]
[EventRounds "9"]
[EventCountry "SRB"]
[SourceTitle "CB49_2023"]
[SourceDate "2023.12.06"]
[SourceVersion "1"]
[SourceVersionDate "2023.12.06"]
[SourceQuality "1"]
[WhiteTeam "Team D"]
[BlackTeam "Team C"]
[WhiteTeamCountry "SRB"]
[BlackTeamCountry "SRB"]

1. d4 d5 2. c4 dxc4 3. e3 e5 4. Bxc4 exd4 5. exd4 Bd6 6. Nf3 Nf6 7. 0-0 0-0 8. Nc3 h6 9. Ne5 Nc6 10. Nxc6 bxc6 11. h3 Rb8 12. Bb3 Rb4 13. Be3 Re8 14. Qc2 Be6 15. Bxe6 Rxe6 16. a3 Rb8 17. Rfe1 Nd5 18. Bd2 Rg6 19. Nxd5 cxd5 20. Re3 Qh4 21. Rae1 Qxd4 22. Bc3 Qc4 23. Re8+ Rxe8 24. Rxe8+ Kh7 25. Qf5 Qf4 26. Qxf4 Bxf4 27. Re7 f5 28. Rf7 Bd6 29. Rxf5 Rg5 30. Rf7 a6 31. Rd7 Rg6 32. Kf1 Kg8 33. g3 Kf8 34. h4 Rg4 35. Ke2 d4 36. f3 dxc3 37. fxg4 cxb2 38. Rd8+ Kf7 39. Rb8 Bxa3 40. Kd3 Bd6 41. Rxb2 Bxg3 42. h5 Kf6 43. Ke4 g6 44. hxg6 Kxg6 45. Ra2 h5 46. Rxa6+ Bd6 47. gxh5+ Kxh5 48. Kd5 Kg6 49. Rxd6+ cxd6 50. Kxd6 1/2-1/2

[Event "Pozarevac Rudar 18th"]
[Site "Pozarevac"]
[Date "2023.11.12"]
[Round "6"]
[White "Garv, Rai"]
[Black "Shoshin, Kirill"]
[Result "1-0"]
[WhiteElo "2158"]
[BlackElo "2250"]
[PlyCount "88"]
[EventDate "2023.11.07"]
[EventType "schev"]
[EventRounds "8"]
[EventCountry "SRB"]
[SourceTitle "CB46_2023"]
[SourceDate "2023.11.15"]
[SourceVersion "1"]
[SourceVersionDate "2023.11.15"]
[SourceQuality "1"]
[WhiteTeam "Team D"]
[BlackTeam "Team C"]
[WhiteTeamCountry "SRB"]
[BlackTeamCountry "SRB"]

1. d4 Nf6 2. c4 e6 3. g3 Bb4+ 4. Nd2 Nc6 5. Ngf3 d5 6. Qc2 dxc4 7. Bg2 0-0 8. Qxc4 Ne4 9. e3 Qd5 10. 0-0 Nxd2 11. Nxd2 Qxc4 12. Nxc4 Bd7 13. a3 Be7 14. b4 a6 15. Bb2 Rfc8 16. Rfc1 Rab8 17. Rc3 f6 18. Rac1 Kf7 19. Nd2 Bd6 20. Ne4 Ke7 21. Nc5 Nd8 22. Nxd7 Kxd7 23. d5 c6 24. e4 Be5 25. dxe6+ Ke7 26. R3c2 Nxe6 27. f4 Bxb2 28. Rxb2 Rd8 29. e5 fxe5 30. Re2 Kf6 31. Rxe5 Rd3 32. Be4 Rxa3 33. Rd1 Nf8 34. Rf5+ Ke6 35. Re1 g6 36. Bc2+ Kd6 37. Rf7 Kd5 38. f5 gxf5 39. Bxf5 Kc4 40. Re4+ Kb5 41. Bg4 Kb6 42. Kg2 Ra2+ 43. Be2 Rb2 44. h4 Rd8 1-0

[Event "Pozarevac Rudar 18th"]
[Site "Pozarevac"]
[Date "2023.11.11"]
[Round "5"]
[White "Shoshin, Kirill"]
[Black "Ilincic, Zlatko"]
[Result "1/2-1/2"]
[WhiteElo "2250"]
[BlackElo "2301"]
[PlyCount "24"]
[EventDate "2023.11.07"]
[EventType "schev"]
[EventRounds "8"]
[EventCountry "SRB"]
[SourceTitle "CB46_2023"]
[SourceDate "2023.11.15"]
[SourceVersion "1"]
[SourceVersionDate "2023.11.15"]
[SourceQuality "1"]
[WhiteTeam "Team C"]
[BlackTeam "Team A"]
[WhiteTeamCountry "SRB"]
[BlackTeamCountry "SRB"]

1. d4 Nf6 2. c4 e6 3. Nc3 Bb4 4. e3 0-0 5. a3 Bxc3+ 6. bxc3 c5 7. Bd3 Nc6 8. Ne2 e5 9. e4 cxd4 10. cxd4 exd4 11. 0-0 d6 12. Rb1 Nd7 1/2-1/2

[Event "Barcelona Sants op 24th"]
[Site "Barcelona"]
[Date "2023.08.21"]
[Round "4"]
[White "Shoshin, Kirill"]
[Black "Avila Pavas, Santiago"]
[Result "0-1"]
[WhiteElo "2244"]
[BlackElo "2510"]
[PlyCount "98"]
[EventDate "2023.08.18"]
[EventType "swiss"]
[EventRounds "10"]
[EventCountry "ESP"]
[SourceTitle "CBM 215 Extra"]
[Source "ChessBase"]
[SourceDate "2023.09.30"]
[SourceVersion "1"]
[SourceVersionDate "2023.09.30"]
[SourceQuality "1"]

1. d4 Nf6 2. c4 g6 3. Nc3 d5 4. cxd5 Nxd5 5. e4 Nxc3 6. bxc3 Bg7 7. Nf3 c5 8. Bb5+ Nd7 9. 0-0 0-0 10. Re1 a6 11. Bf1 b6 12. e5 e6 13. Bg5 Qc7 14. Be7 Re8 15. Bd6 Qd8 16. Bd3 Bb7 17. Be4 Bxe4 18. Rxe4 cxd4 19. cxd4 b5 20. h4 f5 21. Re2 Nb6 22. Qb3 Bh6 23. Rc2 Rc8 24. Rc5 Qd7 25. Rd1 Qb7 26. Rb1 Qa8 27. Rb2 Nc4 28. Rc2 Qe4 29. a4 Bf4 30. axb5 axb5 31. Ra2 Nxd6 32. exd6 Bxd6 33. Rxc8 Rxc8 34. Ra1 Qd5 35. Qe3 b4 36. Ng5 b3 37. Rb1 Rc2 38. Nxe6 b2 39. Ng5 Qc4 40. Qe8+ Bf8 41. Ne6 Qb4 42. Nxf8 Qxf8 43. Qe3 Qf7 44. g3 f4 45. gxf4 Qf5 46. Qb3+ Kg7 47. Rxb2 Qg4+ 48. Kh2 Qxh4+ 49. Kg2 Qxf2+ 0-1

[Event "Spilimbergo op 21st"]
[Site "Spilimbergo"]
[Date "2023.08.15"]
[Round "9"]
[White "Shoshin, Kirill"]
[Black "Godena, Michele"]
[Result "0-1"]
[WhiteElo "2244"]
[BlackElo "2446"]
[PlyCount "98"]
[EventDate "2023.08.09"]
[EventType "swiss"]
[EventRounds "9"]
[EventCountry "ITA"]
[SourceTitle "CBM 215 Extra"]
[Source "ChessBase"]
[SourceDate "2023.09.30"]
[SourceVersion "1"]
[SourceVersionDate "2023.09.30"]
[SourceQuality "1"]

1. Nf3 d5 2. e3 Nf6 3. c4 dxc4 4. Bxc4 e6 5. 0-0 a6 6. Qe2 b5 7. Bb3 Bb7 8. Rd1 Nbd7 9. d4 Be7 10. a4 0-0 11. Nbd2 Qb8 12. e4 c5 13. Bc2 cxd4 14. Nxd4 Rc8 15. N2f3 e5 16. Nf5 Bf8 17. Ng3 Qc7 18. Bb1 Qxc1 19. Rxc1 Rxc1+ 20. Nf1 bxa4 21. Qd2 Rac8 22. Ng5 a5 23. Nxf7 Bb4 24. Qg5 Bxe4 25. Nd6 Rxb1 26. Rxb1 Bxd6 27. Rd1 Bf8 28. Ng3 Bg6 29. h4 Bf7 30. Nf5 Kh8 31. Rc1 Rb8 32. Qd2 Be6 33. Ne3 Bb4 34. Qd1 Bb3 35. Qe2 a3 36. bxa3 Bxa3 37. Rc7 a4 38. Qa6 Bf8 39. g4 a3 40. g5 a2 41. gxf6 Nxf6 42. Kh2 Bg8 43. Nc4 Nd5 44. Qxa2 Nxc7 45. Qa7 Rb4 46. Qxc7 Rxc4 47. Qxe5 Rxh4+ 48. Kg3 Rh6 49. f4 Rf6 0-1

[Event "Spilimbergo op 21st"]
[Site "Spilimbergo"]
[Date "2023.08.10"]
[Round "2"]
[White "Shoshin, Kirill"]
[Black "Carnicelli, Valerio"]
[Result "1-0"]
[WhiteElo "2244"]
[BlackElo "2408"]
[PlyCount "103"]
[EventDate "2023.08.09"]
[EventType "swiss"]
[EventRounds "9"]
[EventCountry "ITA"]
[SourceTitle "CBM 215 Extra"]
[Source "ChessBase"]
[SourceDate "2023.09.30"]
[SourceVersion "1"]
[SourceVersionDate "2023.09.30"]
[SourceQuality "1"]

1. d4 Nf6 2. c4 g6 3. Nc3 Bg7 4. e4 d6 5. h3 0-0 6. Bg5 c5 7. d5 h6 8. Be3 e6 9. Nf3 Re8 10. Bd3 exd5 11. exd5 Rxe3+ 12. fxe3 Qe7 13. Qd2 Nbd7 14. 0-0 Ne8 15. Ne2 Bxb2 16. Qxb2 Qxe3+ 17. Rf2 Qxd3 18. Qc1 Kg7 19. Nf4 Qf5 20. Nh4 Qg5 21. Nhxg6 Nef6 22. Qe1 Nb6 23. Qe7 Bf5 24. Ne6+ Bxe6 25. dxe6 Qxg6 26. Raf1 Re8 27. Qxf7+ Qxf7 28. exf7 Rf8 29. Rxf6 Nxc4 30. h4 d5 31. h5 Ne5 32. R6f5 Nc4 33. R1f3 b6 34. Rxd5 Rxf7 35. Rxf7+ Kxf7 36. Rd7+ Kf6 37. Rxa7 Kg5 38. Ra4 Ne5 39. Re4 Nd3 40. g4 b5 41. Kg2 Kh4 42. Kf3 c4 43. Ke3 Kg5 44. Re6 Kxg4 45. Rxh6 Nb4 46. Rh8 Kg5 47. Rb8 Nxa2 48. Rxb5+ Kh6 49. Kd2 Kh7 50. Kc2 c3 51. Kb1 c2+ 52. Kxc2 1-0

[Event "Belgrade Serbia op"]
[Site "Belgrade"]
[Date "2023.07.17"]
[Round "2"]
[White "Masic, Predrag"]
[Black "Shoshin, Kirill"]
[Result "1/2-1/2"]
[WhiteElo "2196"]
[BlackElo "2314"]
[PlyCount "52"]
[EventDate "2023.07.16"]
[EventType "swiss"]
[EventRounds "9"]
[EventCountry "SRB"]
[SourceTitle "CBM 215 Extra"]
[Source "ChessBase"]
[SourceDate "2023.09.30"]
[SourceVersion "1"]
[SourceVersionDate "2023.09.30"]
[SourceQuality "1"]

1. e4 c5 2. Nf3 g6 3. c3 d5 4. exd5 Qxd5 5. d4 Bg7 6. Be2 cxd4 7. cxd4 Nf6 8. Nc3 Qd6 9. 0-0 0-0 10. Be3 Nc6 11. h3 Bf5 12. Rc1 Rad8 13. Qb3 Qb4 14. Qxb4 Nxb4 15. Ne5 Nfd5 16. Bf3 Nxe3 17. fxe3 Bh6 18. Nd1 Nc2 19. Ng4 Bg5 20. h4 Bxg4 21. hxg5 Bxf3 22. gxf3 Rc8 23. a3 Rc7 24. Rf2 Rfc8 25. Rd2 b5 26. d5 Kf8 1/2-1/2

[Event "Belgrade Serbia op"]
[Site "Belgrade"]
[Date "2023.07.16"]
[Round "1"]
[White "Shoshin, Kirill"]
[Black "Karamsetty, Jeevan"]
[Result "1/2-1/2"]
[WhiteElo "2314"]
[BlackElo "2185"]
[PlyCount "143"]
[EventDate "2023.07.16"]
[EventType "swiss"]
[EventRounds "9"]
[EventCountry "SRB"]
[SourceTitle "CBM 215 Extra"]
[Source "ChessBase"]
[SourceDate "2023.09.30"]
[SourceVersion "1"]
[SourceVersionDate "2023.09.30"]
[SourceQuality "1"]

1. d4 d6 2. e4 Nf6 3. Nc3 e5 4. Nf3 Nbd7 5. Bc4 Be7 6. 0-0 0-0 7. a4 a6 8. Re1 b6 9. Qe2 c6 10. Ba2 Bb7 11. h3 b5 12. Bg5 b4 13. Nb1 c5 14. d5 Rb8 15. Nbd2 Ne8 16. Be3 g6 17. Bh6 Ng7 18. a5 f5 19. Nc4 Kh8 20. exf5 gxf5 21. Qd2 Rf6 22. Rad1 Rg6 23. Kh1 e4 24. Ng1 Nh5 25. Ne2 Qg8 26. g3 Qf7 27. Be3 Rbg8 28. Nf4 Rh6 29. Kg2 Bg5 30. Rh1 Nxf4+ 31. Bxf4 Bxf4 32. Qxf4 Qf6 33. Ne3 Rf8 34. Bc4 Kg8 35. h4 Ne5 36. h5 Kh8 37. Be2 Bc8 38. c3 bxc3 39. bxc3 Qg7 40. Rb1 Rhf6 41. Rb6 Nd7 42. Rb3 Qe7 43. Nc4 Rg8 44. Nb6 Bb7 45. Nxd7 Qxd7 46. Rd1 Qf7 47. c4 Rd8 48. Rdb1 Rd7 49. Qg5 h6 50. Qf4 Qe7 51. Rb6 Rc7 52. Bd1 Qd7 53. Ra1 Kg7 54. Ba4 Qe7 55. Rab1 Bc8 56. Rc6 Rxc6 57. Bxc6 Rf8 58. Rb6 Rd8 59. Qd2 Kh7 60. Qf4 Rg8 61. Ba4 Rd8 62. Rb8 Qc7 63. Ra8 Rf8 64. Bc6 Kg7 65. Qd2 f4 66. Qb2+ Kh7 67. gxf4 Qf7 68. f5 Rg8+ 69. Kf1 Bxf5 70. Qb7 Qxb7 71. Bxb7 Rxa8 72. Bxa8 1/2-1/2

[Event "Paracin op 16th"]
[Site "Paracin"]
[Date "2023.07.11"]
[Round "5"]
[White "Shoshin, Kirill"]
[Black "Ivanisevic, Ivan"]
[Result "0-1"]
[WhiteElo "2314"]
[BlackElo "2536"]
[PlyCount "108"]
[EventDate "2023.07.07"]
[EventType "swiss"]
[EventRounds "9"]
[EventCountry "SRB"]
[SourceTitle "EXT 2024"]
[Source "ChessBase"]
[SourceDate "2023.10.10"]
[SourceVersion "1"]
[SourceVersionDate "2023.10.10"]
[SourceQuality "1"]

1. d4 Nf6 2. c4 d6 3. Nc3 e5 4. Nf3 Nc6 5. d5 Ne7 6. e4 Ng6 7. g3 Be7 8. h3 c6 9. Bd3 Bd7 10. Kf1 Qb8 11. a4 Bd8 12. Be3 Ba5 13. Qc2 0-0 14. Kg2 h6 15. Rhb1 Qc8 16. Ng1 cxd5 17. cxd5 Bb4 18. Rc1 Qd8 19. Qb3 Qa5 20. Nf3 Rac8 21. Nd2 Bc5 22. Nc4 Qc7 23. Nb5 Bxb5 24. Qxb5 Qe7 25. Qb3 Nh5 26. Be2 Nhf4+ 27. gxf4 exf4 28. Bxc5 Qxe4+ 29. Kh2 Nh4 30. Rg1 Qxe2 31. Bd4 g5 32. Nxd6 Nf3+ 33. Kg2 Nxd4 34. Qd1 Qe5 35. Nxc8 Rxc8 36. Ra3 Qxd5+ 37. Kh2 Rc2 38. Rf1 Qe5 39. Rd3 f3+ 40. Kh1 Qf5 41. Kh2 Qf4+ 42. Kh1 Qh4 43. Rxf3 Qe4 44. Kg2 Qxf3+ 45. Qxf3 Nxf3 46. Kxf3 Rxb2 47. Rc1 Rb3+ 48. Kg2 a5 49. Rc5 b6 50. Rc6 Kg7 51. f3 f6 52. Kg3 Kg6 53. Kg4 h5+ 54. Kg3 Kf5 0-1

[Event "Paracin op 16th"]
[Site "Paracin"]
[Date "2023.07.08"]
[Round "3"]
[White "Shoshin, Kirill"]
[Black "Vershinin, Igor"]
[Result "1-0"]
[WhiteElo "2314"]
[BlackElo "2027"]
[PlyCount "63"]
[EventDate "2023.07.07"]
[EventType "swiss"]
[EventRounds "9"]
[EventCountry "SRB"]
[SourceTitle "EXT 2024"]
[Source "ChessBase"]
[SourceDate "2023.10.10"]
[SourceVersion "1"]
[SourceVersionDate "2023.10.10"]
[SourceQuality "1"]

1. d4 d5 2. c4 e6 3. Nc3 c6 4. e4 dxe4 5. Nxe4 Nd7 6. Nf3 Ngf6 7. Nc3 Bb4 8. Qb3 Qe7 9. Be2 Ne4 10. 0-0 Nxc3 11. bxc3 Bd6 12. Bg5 Nf6 13. Rfe1 h6 14. Bh4 Qc7 15. c5 Be7 16. Bg3 Qd8 17. Ne5 0-0 18. Bf3 a5 19. Bxc6 bxc6 20. Nxc6 Qd7 21. Nxe7+ Qxe7 22. Bd6 Qa7 23. Bxf8 Rb8 24. Qa3 Kxf8 25. Rab1 Nd5 26. c6+ Ke8 27. Rxb8 Qxb8 28. Qxa5 Qd6 29. c4 Nc7 30. d5 Kd8 31. Rd1 exd5 32. Rxd5 1-0

[Event "Balatonlelle Rigo Memorial GM 2nd"]
[Site "Balatonlelle"]
[Date "2023.06.19"]
[Round "6"]
[White "Shoshin, Kirill"]
[Black "Vaishali, Ramesh Babu"]
[Result "0-1"]
[WhiteElo "2329"]
[BlackElo "2416"]
[PlyCount "170"]
[EventDate "2023.06.14"]
[EventType "tourn"]
[EventRounds "9"]
[EventCountry "HUN"]
[EventCategory "6"]
[SourceTitle "CBM 214 Extra"]
[Source "ChessBase"]
[SourceDate "2023.07.31"]
[SourceVersion "1"]
[SourceVersionDate "2023.07.31"]
[SourceQuality "1"]

1. d4 d6 2. e4 Nc6 3. Nf3 g6 4. c3 Bg7 5. Nbd2 Nf6 6. Bc4 0-0 7. 0-0 e5 8. dxe5 Nxe5 9. Nxe5 dxe5 10. h3 b6 11. Qc2 Bb7 12. Re1 h6 13. a4 a5 14. b4 Nh5 15. Nf3 Kh8 16. Rd1 Bxe4 17. Rxd8 Bxc2 18. Rxf8+ Rxf8 19. bxa5 bxa5 20. Ba3 Rd8 21. Bxf7 Nf4 22. Ra2 Be4 23. Rd2 Rxd2 24. Nxd2 Bxg2 25. Be7 Bxh3 26. Bd8 Ne2+ 27. Kh2 Bf5 28. Bxc7 Nxc3 29. Nf3 e4 30. Nh4 Kh7 31. Nxf5 gxf5 32. Bb3 Ne2 33. Bc4 Nc3 34. Bb3 Bd4 35. Bxa5 Ne2 36. Be1 Be5+ 37. Kg2 Nf4+ 38. Kf1 h5 39. f3 e3 40. Bc4 Kg6 41. Bh4 Bc7 42. Be7 Bb6 43. Bh4 Kh6 44. Bf6 Ng6 45. Bd3 h4 46. Bxf5 Nf4 47. Bc3 Kg5 48. Bd7 h3 49. Bxh3 Nxh3 50. a5 Ba7 51. Bb2 Kf4 52. Bc1 Kxf3 53. Bxe3 Kxe3 54. Kg2 Nf4+ 55. Kg3 Ne2+ 56. Kg4 Nd4 57. Kg5 Nc6 58. Kf5 Kd4 59. a6 Nb4 60. Kf4 Nxa6 61. Kf5 Bb8 62. Ke6 Nc5+ 63. Kf5 Bd6 64. Kg4 Ke4 65. Kg5 Be7+ 66. Kg4 Nd3 67. Kg3 Bd6+ 68. Kg2 Bf4 69. Kf1 Kf3 70. Kg1 Nf2 71. Kf1 Bh2 72. Ke1 Ne4 73. Kd1 Ke3 74. Kc2 Nd2 75. Kb2 Bd6 76. Kc3 Bc5 77. Kc2 Bb4 78. Kd1 Nb3 79. Kc2 Nd4+ 80. Kc1 Ke2 81. Kb2 Kd2 82. Kb1 Ba3 83. Ka2 Bc1 84. Kb1 Kd1 85. Ka2 Kc2 0-1

[Event "Balatonlelle Rigo Memorial GM 2nd"]
[Site "Balatonlelle"]
[Date "2023.06.17"]
[Round "4"]
[White "Gombocz, Ferenc Jr"]
[Black "Shoshin, Kirill"]
[Result "0-1"]
[WhiteElo "2324"]
[BlackElo "2329"]
[PlyCount "86"]
[EventDate "2023.06.14"]
[EventType "tourn"]
[EventRounds "9"]
[EventCountry "HUN"]
[EventCategory "6"]
[SourceTitle "CBM 214 Extra"]
[Source "ChessBase"]
[SourceDate "2023.07.31"]
[SourceVersion "1"]
[SourceVersionDate "2023.07.31"]
[SourceQuality "1"]

1. d4 Nf6 2. Nf3 d5 3. Bf4 c5 4. e3 Nc6 5. Nbd2 Nh5 6. Bg5 h6 7. Bh4 g5 8. Ne5 Nxe5 9. dxe5 Ng7 10. Bg3 Nf5 11. e4 dxe4 12. Nxe4 Qa5+ 13. Qd2 Qxd2+ 14. Kxd2 b6 15. Bc4 Bb7 16. Bb5+ Kd8 17. Rhe1 Bg7 18. Rad1 Kc7 19. Kc1 Rad8 20. Rxd8 Rxd8 21. e6+ Nxg3 22. Nxg3 fxe6 23. Rxe6 Bf6 24. Nh5 Bd5 25. Re1 Bxg2 26. Nxf6 exf6 27. Re7+ Kd6 28. Rxa7 Ke5 29. Be2 f5 30. a4 Ra8 31. Rh7 Rxa4 32. Rxh6 Rf4 33. Kd1 Rxf2 34. Ke1 Rf4 35. Rxb6 Rh4 36. Rb5 Rxh2 37. Rxc5+ Kf4 38. b4 Be4 39. b5 g4 40. b6 g3 41. Bf1 Rh1 42. b7 Bxb7 43. Rc4+ Kg5 0-1

[Event "Budapest FS06 GM"]
[Site "Budapest"]
[Date "2023.06.07"]
[Round "5"]
[White "Kovalev, Andrei"]
[Black "Shoshin, Kirill"]
[Result "1/2-1/2"]
[WhiteElo "2460"]
[BlackElo "2329"]
[PlyCount "121"]
[EventDate "2023.06.03"]
[EventType "tourn"]
[EventRounds "9"]
[EventCountry "HUN"]
[EventCategory "6"]
[SourceTitle "CBM 214 Extra"]
[Source "ChessBase"]
[SourceDate "2023.07.31"]
[SourceVersion "1"]
[SourceVersionDate "2023.07.31"]
[SourceQuality "1"]

1. e4 c5 2. Nf3 g6 3. c3 d5 4. e5 Nc6 5. d4 Bg4 6. Nbd2 cxd4 7. cxd4 e6 8. Be2 Nh6 9. 0-0 Nf5 10. b3 Qa5 11. h3 Bxf3 12. Nxf3 Ba3 13. g4 Bxc1 14. Rxc1 Nfe7 15. a4 a6 16. Qd3 Qb4 17. Qe3 h6 18. Rfd1 0-0-0 19. Rc5 Kb8 20. Ne1 h5 21. Nc2 Qb6 22. b4 Nxb4 23. Qb3 a5 24. Rb5 Qc7 25. Nxb4 axb4 26. Rxb4 Ka8 27. Rb1 Rb8 28. Rb6 Nc8 29. a5 hxg4 30. Ba6 Nxb6 31. axb6 bxa6 32. bxc7 Rxb3 33. Rxb3 Rc8 34. hxg4 Rxc7 35. Kf1 Ka7 36. Ra3 Kb6 37. Rb3+ Ka5 38. Ke2 Ka4 39. Rb6 a5 40. f4 Ka3 41. f5 gxf5 42. gxf5 exf5 43. Rb5 a4 44. Rxd5 Kb4 45. Rd8 Ra7 46. Kd3 Kb5 47. Rd5+ Kc6 48. Rd6+ Kb5 49. Rd5+ Kb4 50. Rd8 Rb7 51. d5 a3 52. d6 Kb3 53. Ra8 a2 54. Ke3 Kb2 55. Kf4 a1Q 56. Rxa1 Kxa1 57. Kxf5 Kb2 58. e6 fxe6+ 59. Kxe6 Kc3 60. d7 Rxd7 61. Kxd7 1/2-1/2